000 00406nam a2200157Ia 4500
001 12715
003 IN-NITTTR
005 20251114233119.0
008 251113s9999||||xx |||||||||||||| ||eng||
040 _beng
040 _cIN-NITTTR
041 _aeng
082 _a658.022 G959H
245 0 _aHandbook of small scale plastics industries :
_b technology, project profiles and directory /
942 _2ddc
_cBK
999 _c15351
_d15351